[Event "XXXII Coppa d'Oro"]
[Site "Villa Guardia ITA"]
[Date "2014.10.26"]
[Round "1"]
[White "Ghezzi, Carlo"]
[Black "Gonella, Daniele"]
[WhiteElo "1649"]
[BlackElo "2150"]
[Result "0-1"]
[PlyCount "78"]
[EventDate "2014.10.26"]

1. e4 c5 2. Nf3 e6 3. c3 d5 4. exd5 Qxd5 5. Bb5+ Bd7 6. Bxd7+ Qxd7 7. O-O Nc6
8. d4 cxd4 9. Nxd4 Nxd4 10. cxd4 Rd8 11. Be3 Nf6 12. Nc3 Bd6 13. h3 O-O 14. Qf3
Bb8 15. Rad1 Nd5 16. Qg4 Qc7 17. g3 Nxe3 18. fxe3 Qxg3+ 19. Qxg3 Bxg3 20. Rf3
Bc7 21. Kf2 g6 22. Ne4 Kg7 23. Nf6 h5 24. Rg1 Kh6 25. Rc1 Bb6 26. Ne4 f5 27.
Nc5 f4 28. Rxf4 Rxf4+ 29. exf4 Rxd4 30. Kf3 Bxc5 31. Rxc5 Rd2 32. Rb5 b6 33.
Rb3 Kg7 34. Ke3 Rh2 35. Kd4 Kf6 36. Ke4 Rd2 37. Ke3 Rc2 38. Kd3 Rg2 39. Ke4 h4
0-1

[Event "XXXII Coppa d'Oro"]
[Site "Villa Guardia ITA"]
[Date "2014.10.26"]
[Round "1"]
[White "Gonella, Graziano"]
[Black "D'Aulisa, Francesco"]
[WhiteElo "1163"]
[BlackElo "1733"]
[Result "0-1"]
[PlyCount "80"]
[EventDate "2014.10.26"]

1. e4 d6 2. Nf3 e6 3. d4 h6 4. Be3 a6 5. Nc3 Nd7 6. e5 d5 7. Be2 b6 8. a4 c5 9.
O-O Ne7 10. dxc5 bxc5 11. Bf4 Ng6 12. Bg3 Be7 13. Qd2 Bb7 14. Bd3 Nh4 15. Be2
d4 16. Nd1 Nxf3+ 17. Bxf3 Bxf3 18. gxf3 Bg5 19. f4 Bh4 20. Qd3 g5 21. Qf3 Rg8
22. Qg4 Kf8 23. f5 exf5 24. Qxf5 Qe7 25. Qe4 Re8 26. Re1 Bxg3 27. fxg3 Qxe5 28.
Qxe5 Rxe5 29. Rxe5 Nxe5 30. Kg2 Kg7 31. c3 Rd8 32. cxd4 Rxd4 33. Ne3 Rd2+ 34.
Kh3 Rxb2 35. Nf5+ Kg6 36. Ne7+ Kh5 37. g4+ Nxg4 38. Nd5 f5 39. Rc1 f4 40. Rxc5
Rxh2# 0-1

[Event "XXXII Coppa d'Oro"]
[Site "Villa Guardia ITA"]
[Date "2014.10.26"]
[Round "1"]
[White "Lapiccirella, Daniele"]
[Black "Primerano, Carlo"]
[WhiteElo "2221"]
[BlackElo "1723"]
[Result "1-0"]
[PlyCount "69"]
[EventDate "2014.10.26"]

1. d4 Nf6 2. c4 e6 3. Nc3 Bb4 4. Nf3 b6 5. Bg5 h6 6. Bh4 Bb7 7. e3 g5 8. Bg3
Ne4 9. Qc2 d6 10. Nd2 Bxc3 11. bxc3 Nxg3 12. hxg3 Nd7 13. f3 c5 14. g4 Nf6 15.
Kf2 h5 16. gxh5 Rxh5 17. Rxh5 Nxh5 18. Qh7 Nf6 19. Qg7 Qe7 20. Qxg5 Kd7 21. Bd3
Rg8 22. Qh6 Ne8 23. Rh1 Qg5 24. Qxg5 Rxg5 25. Be4 Ba6 26. f4 Rg7 27. Rh8 f5 28.
Bf3 Bc8 29. e4 Nf6 30. e5 dxe5 31. dxe5 Rg8 32. Rh4 Ne8 33. Rh7+ Ng7 34. g4
fxg4 35. Ne4 1-0

[Event "XXXII Coppa d'Oro"]
[Site "Villa Guardia ITA"]
[Date "2014.10.26"]
[Round "1"]
[White "Montoli, Marco"]
[Black "Mason, Giovanni"]
[WhiteElo "1987"]
[BlackElo "1556"]
[Result "1-0"]
[PlyCount "101"]
[EventDate "2014.10.26"]

1. c4 c5 2. g3 g6 3. Bg2 Bg7 4. Nf3 Nf6 5. O-O Nc6 6. d4 cxd4 7. Nxd4 O-O 8.
Nc3 a6 9. h3 Qc7 10. Be3 d6 11. Rc1 Nd7 12. Nd5 Qb8 13. Nxc6 bxc6 14. Nxe7+ Kh8
15. b3 Qc7 16. Nxc6 Bb7 17. Nd4 Bxg2 18. Kxg2 Rfe8 19. Qd2 Nc5 20. f3 Re7 21.
b4 Nb7 22. Bf2 Rae8 23. e4 f5 24. exf5 gxf5 25. Rfe1 Qd7 26. Rxe7 Rxe7 27. Re1
Rf7 28. Qe2 Be5 29. f4 Bxd4 30. Bxd4+ Kg8 31. Qe8+ Qxe8 32. Rxe8+ Rf8 33. Re7
Rf7 34. Rxf7 Kxf7 35. Kf3 Ke6 36. a4 Nd8 37. b5 a5 38. g4 Nb7 39. g5 Kf7 40.
Bb6 Kg6 41. Ke3 Kh5 42. Kd4 Kh4 43. Kd5 Kxh3 44. Kc6 Kg4 45. Kxb7 Kxf4 46. Kc6
Kxg5 47. Bd8+ Kg4 48. b6 f4 49. b7 f3 50. Bb6 h5 51. b8=Q 1-0

[Event "XXXII Coppa d'Oro"]
[Site "Villa Guardia ITA"]
[Date "2014.10.26"]
[Round "1"]
[White "Raineri, Valerio"]
[Black "Tavasci, Alfio"]
[WhiteElo "2079"]
[BlackElo "1619"]
[Result "1-0"]
[PlyCount "45"]
[EventDate "2014.10.26"]

1. e4 e6 2. Qe2 c5 3. f4 Nc6 4. Nf3 g6 5. d3 Bg7 6. g3 Nge7 7. Bh3 Qc7 8. c3 d6
9. O-O Bd7 10. Na3 a6 11. Be3 O-O 12. Rac1 Qb8 13. Nh4 f5 14. Nf3 b5 15. Bg2 a5
16. e5 b4 17. exd6 Nd5 18. Nc4 bxc3 19. bxc3 Nxc3 20. Qf2 Nb4 21. Nfe5 Ncxa2
22. Nxd7 Nxd3 23. Qxa2 1-0

[Event "XXXII Coppa d'Oro"]
[Site "Villa Guardia ITA"]
[Date "2014.10.26"]
[Round "1"]
[White "Seminara, Antonio"]
[Black "Romano', Ido"]
[WhiteElo "1956"]
[BlackElo "1497"]
[Result "1-0"]
[PlyCount "89"]
[EventDate "2014.10.26"]

1. d4 Nf6 2. Bg5 e6 3. e3 d5 4. Bd3 Be7 5. Nd2 Nc6 6. f4 Bd7 7. c3 a6 8. a4 Ng8
9. Ngf3 h6 10. Bxe7 Qxe7 11. O-O Nf6 12. Ne5 O-O 13. Rf3 Be8 14. Qc2 Ne4 15.
Nxe4 dxe4 16. Bxe4 f5 17. Bxc6 bxc6 18. Qb3 Qd6 19. c4 Kh7 20. Nd3 Bf7 21. Nc5
Rab8 22. Qc3 a5 23. Kh1 Rb4 24. Rg1 Qd8 25. b3 Qe7 26. Rh3 Kg8 27. g4 Bg6 28.
gxf5 Bxf5 29. Rxh6 Rfb8 30. h4 Rf8 31. e4 Bh7 32. Qg3 Rf6 33. Rxf6 Qxf6 34. e5
Qf7 35. Nxe6 Be4+ 36. Kh2 g6 37. Ng5 Rxb3 38. Qxb3 Qxf4+ 39. Qg3 Qd2+ 40. Rg2
Bxg2 41. Qxg2 Qf4+ 42. Qg3 Qd2+ 43. Kh3 Qe2 44. Nf3 Qe4 45. Qg4 1-0

[Event "XXXII Coppa d'Oro"]
[Site "Villa Guardia ITA"]
[Date "2014.10.26"]
[Round "1"]
[White "Tahiraj, Almir"]
[Black "Villa, Martino"]
[WhiteElo "1844"]
[BlackElo "1425"]
[Result "1-0"]
[PlyCount "65"]
[EventDate "2014.10.26"]

1. Nf3 Nf6 2. d4 g6 3. c4 Bg7 4. Nc3 d6 5. e4 O-O 6. Bg5 Nbd7 7. Qd2 e5 8. Bh6
Ne8 9. Be2 b6 10. O-O Bb7 11. d5 a5 12. a3 Nc5 13. Bxg7 Kxg7 14. Qc2 Bc8 15. b4
axb4 16. axb4 Rxa1 17. Rxa1 Nd7 18. Ra8 f5 19. Nb5 fxe4 20. Qxe4 Ndf6 21. Qh4
Qd7 22. Ng5 Kg8 23. Ne6 Rf7 24. Qh6 Ne4 25. f3 N4f6 26. Bd3 Bb7 27. Rd8 Qe7 28.
Nbxc7 Qxd8 29. Nxd8 Rxc7 30. Ne6 Rf7 31. Bxg6 hxg6 32. Qxg6+ Kh8 33. Qxf7 1-0

[Event "XXXII Coppa d'Oro"]
[Site "Villa Guardia ITA"]
[Date "2014.10.26"]
[Round "2"]
[White "Bellotto, Stefano"]
[Black "Tahiraj, Almir"]
[WhiteElo "1999"]
[BlackElo "1844"]
[Result "1-0"]
[PlyCount "77"]
[EventDate "2014.10.26"]

1. c4 e5 2. Nc3 d6 3. g3 g6 4. Bg2 Bg7 5. d3 f5 6. Nf3 Nf6 7. Bg5 h6 8. Bxf6
Bxf6 9. Nd5 c6 10. Nxf6+ Qxf6 11. Nd2 O-O 12. O-O Na6 13. Rb1 Nc7 14. b4 Rb8
15. b5 cxb5 16. cxb5 Be6 17. b6 axb6 18. Rxb6 Bxa2 19. Qc2 Qf7 20. Rxd6 Nb5 21.
Qxa2 Qxa2 22. Bd5+ Qxd5 23. Rxd5 Nc3 24. Rxe5 Rfe8 25. Rxe8+ Rxe8 26. e3 Kf7
27. Ra1 Ke6 28. Ra3 Nb5 29. Rb3 Nd6 30. Rb6 Rc8 31. Nc4 Rc6 32. Nxd6 Kxd6 33.
Kg2 Ke5 34. Kf3 g5 35. d4+ Kd5 36. h4 Kc4 37. hxg5 hxg5 38. g4 f4 39. Ke4 1-0

[Event "XXXII Coppa d'Oro"]
[Site "Villa Guardia ITA"]
[Date "2014.10.26"]
[Round "2"]
[White "Bernocchi, Luca"]
[Black "Centofante, Maria Rosa"]
[WhiteElo "1371"]
[BlackElo "1543"]
[Result "0-1"]
[PlyCount "58"]
[EventDate "2014.10.26"]

1. e4 d5 2. exd5 Qxd5 3. Nc3 Qa5 4. Bc4 Nf6 5. d3 c6 6. a3 Bf5 7. Nf3 h6 8. O-O
e6 9. Bd2 Qc7 10. Re1 Bd6 11. Ne2 O-O 12. Ng3 Bh7 13. Qc1 Bxg3 14. fxg3 Nd5 15.
Bxh6 gxh6 16. Qxh6 Nd7 17. Bxd5 cxd5 18. Ng5 Bg6 19. Re2 Qc5+ 20. Kh1 Rfe8 21.
Rf1 Qf8 22. Qh4 Qg7 23. Ref2 f6 24. Nh3 Bf5 25. g4 Qxg4 26. Qh6 Qg7 27. Qh4 Kf7
28. Nf4 Rh8 29. Nh5 Qg6 0-1

[Event "XXXII Coppa d'Oro"]
[Site "Villa Guardia ITA"]
[Date "2014.10.26"]
[Round "2"]
[White "Cairoli, Camillo"]
[Black "Lapiccirella, Daniele"]
[WhiteElo "1957"]
[BlackElo "2221"]
[Result "0-1"]
[PlyCount "36"]
[EventDate "2014.10.26"]

1. e4 c5 2. Nf3 e6 3. d4 cxd4 4. Nxd4 Nc6 5. Be3 Nf6 6. f3 d5 7. Nxc6 bxc6 8.
e5 Nd7 9. f4 Ba6 10. Bd3 Bc5 11. Bc1 Bxd3 12. cxd3 Qb6 13. Qe2 O-O 14. Nc3 f6
15. exf6 Rxf6 16. Nd1 e5 17. g3 Re8 18. Kf1 Re7 0-1

[Event "XXXII Coppa d'Oro"]
[Site "Villa Guardia ITA"]
[Date "2014.10.26"]
[Round "2"]
[White "D'Aulisa, Francesco"]
[Black "Montoli, Marco"]
[WhiteElo "1733"]
[BlackElo "1987"]
[Result "0-1"]
[PlyCount "92"]
[EventDate "2014.10.26"]

1. e4 c5 2. f4 e6 3. Nf3 Nc6 4. c3 d5 5. exd5 Qxd5 6. Be2 Nf6 7. O-O Be7 8. c4
Qd6 9. d3 O-O 10. Nc3 a6 11. Ng5 Nd4 12. Nge4 Qc7 13. Nxf6+ Bxf6 14. Ne4 Be7
15. b3 f5 16. Ng3 Bf6 17. Rb1 g6 18. Bf3 Bd7 19. Ne2 Nxf3+ 20. Rxf3 Bc6 21. Rg3
e5 22. Qf1 e4 23. Bb2 exd3 24. Nc3 Rad8 25. Rd1 d2 26. Nd5 Bxd5 27. Bxf6 Rxf6
28. cxd5 Rxd5 29. Qc4 Qf7 30. Rd3 Rfd6 31. Re3 b5 32. Qc3 Qf6 33. Re5 Qd8 34.
Qe3 Rxe5 35. Qxe5 c4 36. bxc4 bxc4 37. Qc3 Qb6+ 38. Kf1 Qd4 39. Qb4 Qxf4+ 40.
Kg1 Qd4+ 41. Kf1 Rd8 42. Qe7 Qd7 43. Qf6 Qd3+ 44. Kf2 Qd4+ 45. Qxd4 Rxd4 46.
Ke3 Re4+ 0-1

[Event "XXXII Coppa d'Oro"]
[Site "Villa Guardia ITA"]
[Date "2014.10.26"]
[Round "2"]
[White "Gonella, Daniele"]
[Black "Seminara, Antonio"]
[WhiteElo "2150"]
[BlackElo "1956"]
[Result "1-0"]
[PlyCount "64"]
[EventDate "2014.10.26"]

1. e4 c5 2. Nf3 Nc6 3. c3 d5 4. exd5 Qxd5 5. d4 Bg4 6. Be2 e6 7. Be3 cxd4 8.
cxd4 Nf6 9. Nc3 Qd6 10. O-O Be7 11. h3 Bh5 12. Qb3 O-O 13. Rad1 Rfd8 14. Rd2
Rac8 15. Qxb7 Rb8 16. Qa6 Rb6 17. Qa4 Rb4 18. Qd1 Rdb8 19. b3 Nd5 20. Nxd5 exd5
21. Ne5 Bxe2 22. Rxe2 Bf6 23. Nxc6 Qxc6 24. Rc2 Qa6 25. Qd2 h6 26. Rfc1 Qe6 27.
Rc6 Qf5 28. R1c5 Be7 29. Rc3 a5 30. Bf4 R8b7 31. Bg3 h5 32. Be5 f6 1-0

[Event "XXXII Coppa d'Oro"]
[Site "Villa Guardia ITA"]
[Date "2014.10.26"]
[Round "2"]
[White "Paniga, Danilo"]
[Black "Raineri, Valerio"]
[WhiteElo "1863"]
[BlackElo "2079"]
[Result "0-1"]
[PlyCount "48"]
[EventDate "2014.10.26"]

1. d4 Nf6 2. Nf3 g6 3. Nbd2 Bg7 4. e4 d6 5. Bd3 O-O 6. O-O Nfd7 7. c3 e5 8. Re1
Nc6 9. d5 Ne7 10. Ng5 h6 11. Nh3 f5 12. f3 f4 13. Nf2 Nf6 14. b4 g5 15. c4 h5
16. c5 Rf7 17. Bb2 Ng6 18. cxd6 cxd6 19. Rc1 g4 20. Be2 g3 21. hxg3 fxg3 22.
Nh1 Qb6+ 23. Kf1 Ng4 24. Bd3 Nh2+ 0-1

[Event "XXXII Coppa d'Oro"]
[Site "Villa Guardia ITA"]
[Date "2014.10.26"]
[Round "2"]
[White "Primerano, Carlo"]
[Black "Cairoli, Fabio"]
[WhiteElo "1723"]
[BlackElo "1398"]
[Result "1-0"]
[PlyCount "92"]
[EventDate "2014.10.26"]

1. d4 d5 2. c4 dxc4 3. e4 e5 4. Nf3 Bb4+ 5. Nc3 exd4 6. Nxd4 Nc6 7. Be3 Nge7 8.
Bxc4 O-O 9. O-O Nxd4 10. Bxd4 Nc6 11. Be3 Qxd1 12. Rfxd1 Bxc3 13. bxc3 a6 14.
Bf4 Re8 15. f3 Be6 16. Bxe6 Rxe6 17. Bxc7 Rc8 18. Rd7 Re7 19. Rxe7 Nxe7 20. Be5
f6 21. Bd4 b5 22. a4 Rb8 23. axb5 axb5 24. Kf2 Nc6 25. Ke3 Rd8 26. Bc5 Ne5 27.
Bd4 Nc4+ 28. Kd3 Ne5+ 29. Kc2 Nc6 30. Bc5 Rc8 31. Rb1 Rb8 32. Ra1 Ne5 33. Bd6
Rb7 34. Bxe5 fxe5 35. Ra6 Kf7 36. g3 b4 37. cxb4 Rxb4 38. Rc6 Rd4 39. Kc3 Rd7
40. Rc4 g6 41. f4 Re7 42. fxe5 Rxe5 43. Kd4 Re6 44. e5 Re7 45. Rc6 Re6 46. Rc7+
Kf8 1-0

[Event "XXXII Coppa d'Oro"]
[Site "Villa Guardia ITA"]
[Date "2014.10.26"]
[Round "2"]
[White "Revinelli, Sergio"]
[Black "Aldeghi, Damiano"]
[WhiteElo "1839"]
[BlackElo "1477"]
[Result "1-0"]
[PlyCount "70"]
[EventDate "2014.10.26"]

1. e4 e5 2. Nf3 Nc6 3. Bc4 Bc5 4. c3 Nf6 5. d4 exd4 6. cxd4 Bb6 7. d5 Na5 8.
Bd3 c5 9. O-O Bc7 10. Nc3 d6 11. a3 b6 12. b4 Nb7 13. h3 h6 14. Bb5+ Bd7 15.
Bxd7+ Nxd7 16. Bb2 O-O 17. Qd3 a6 18. Ne2 Re8 19. Ng3 Ne5 20. Nxe5 dxe5 21.
Rad1 cxb4 22. axb4 b5 23. Rc1 Nd6 24. Rc6 Nc4 25. Bc3 f6 26. Nf5 Kh7 27. Qg3
Rg8 28. h4 Bb6 29. h5 Qe8 30. Qf3 a5 31. Nh4 a4 32. Qf5+ g6 33. Nxg6 Kg7 34.
Qxf6+ Kh7 35. Re6 Bd8 1-0

[Event "XXXII Coppa d'Oro"]
[Site "Villa Guardia ITA"]
[Date "2014.10.26"]
[Round "2"]
[White "Romano', Ido"]
[Black "Ghezzi, Carlo"]
[WhiteElo "1497"]
[BlackElo "1649"]
[Result "1-0"]
[PlyCount "93"]
[EventDate "2014.10.26"]

1. Nf3 Nf6 2. d4 d6 3. Bg5 Bf5 4. Bxf6 gxf6 5. g3 Qd7 6. Nc3 Nc6 7. Bg2 O-O-O
8. e4 Bg4 9. O-O h5 10. h4 Bh6 11. a3 e5 12. d5 Nd4 13. Qd3 Nxf3+ 14. Bxf3 f5
15. Bxg4 fxg4 16. b4 Rdf8 17. a4 f5 18. exf5 Rxf5 19. Ne4 Rhf8 20. c4 Rf3 21.
Qe2 Rb3 22. b5 Rff3 23. Rfd1 Qf5 24. Rf1 Rbd3 25. Rad1 Ra3 26. Ra1 Rad3 27. a5
Rd4 28. Rae1 Ra3 29. b6 Rxa5 30. bxc7 Kxc7 31. f4 gxf3 32. Rxf3 Qg6 33. Kg2 Ra4
34. Rf6 Qg7 35. Qxh5 Ra2+ 36. Kh3 Kb6 37. Rxd6+ Ka5 38. Rxh6 Qd7+ 39. Qg4 Qa4
40. Qc8 b6 41. Nd6 Qc2 42. Nb7+ Kb4 43. Qf8+ Kc3 44. Re3+ Kd2 45. Qf2+ Kc1 46.
Re1+ Kb2 47. Re2 1-0

[Event "XXXII Coppa d'Oro"]
[Site "Villa Guardia ITA"]
[Date "2014.10.26"]
[Round "2"]
[White "Tavasci, Alfio"]
[Black "Ambrosoli, Nadia Manuela"]
[WhiteElo "1619"]
[BlackElo "1379"]
[Result "1-0"]
[PlyCount "43"]
[EventDate "2014.10.26"]

1. d4 d5 2. c4 e6 3. Nc3 Nf6 4. cxd5 exd5 5. Bg5 Be7 6. e3 O-O 7. Qc2 Nc6 8. a3
Be6 9. Bd3 h6 10. Bh4 a6 11. Nge2 Qd7 12. O-O Na5 13. b3 g5 14. Bg3 c5 15. dxc5
Bxc5 16. b4 d4 17. exd4 Bxd4 18. Nxd4 Qxd4 19. bxa5 Rac8 20. Ne2 Rxc2 21. Nxd4
Rd2 22. Nxe6 1-0

[Event "XXXII Coppa d'Oro"]
[Site "Villa Guardia ITA"]
[Date "2014.10.26"]
[Round "2"]
[White "Villa, Martino"]
[Black "Corti, Filippo"]
[WhiteElo "1425"]
[BlackElo "1609"]
[Result "0-1"]
[PlyCount "46"]
[EventDate "2014.10.26"]

1. e4 g6 2. d4 Bg7 3. Nf3 d6 4. Be2 Nf6 5. Nc3 Nbd7 6. Be3 O-O 7. O-O e5 8. d5
Ne8 9. Ne1 f5 10. exf5 gxf5 11. f4 e4 12. Kh1 Ndf6 13. Bd4 Qe7 14. Bxf6 Nxf6
15. h3 Bd7 16. Rg1 Kh8 17. g4 fxg4 18. hxg4 Nxg4 19. Bxg4 Qh4+ 20. Kg2 Rxf4 21.
Qd2 Qxg4+ 22. Kh1 Qh5+ 23. Kg2 Qh3# 0-1

[Event "XXXII Coppa d'Oro"]
[Site "Villa Guardia ITA"]
[Date "2014.11.01"]
[Round "3"]
[White "Aldeghi, Damiano"]
[Black "Romano', Ido"]
[WhiteElo "1477"]
[BlackElo "1497"]
[Result "1-0"]
[PlyCount "73"]
[EventDate "2014.10.26"]

1. e4 e6 2. Nf3 c5 3. d4 d5 4. exd5 exd5 5. Bb5+ Nc6 6. O-O Nf6 7. h3 a6 8.
Bxc6+ bxc6 9. Bg5 Be7 10. dxc5 O-O 11. Qd4 Be6 12. Nbd2 Qc7 13. Bf4 Qc8 14.
Rfe1 Nd7 15. Nb3 Bf6 16. Ne5 a5 17. a4 Re8 18. Re2 Nf8 19. Rae1 Ng6 20. Bh2 Nh4
21. Qc3 Qa6 22. Nd4 Bxe5 23. Bxe5 Ng6 24. Bd6 Qc8 25. Qg3 h6 26. Nxe6 Rxe6 27.
Rxe6 fxe6 28. Qxg6 Ra7 29. Rxe6 Rf7 30. Re7 Rxe7 31. Bxe7 Qd7 32. Qd6 Qe8 33.
Qd8 Qxd8 34. Bxd8 Kf7 35. Bxa5 Ke6 36. Bc3 Kd7 37. Bxg7 1-0

[Event "XXXII Coppa d'Oro"]
[Site "Villa Guardia ITA"]
[Date "2014.11.01"]
[Round "3"]
[White "Ambrosoli, Nadia Manuela"]
[Black "Villa, Martino"]
[WhiteElo "1379"]
[BlackElo "1425"]
[Result "0-1"]
[PlyCount "72"]
[EventDate "2014.10.26"]

1. d4 Nf6 2. c4 g6 3. g3 Bg7 4. Bg2 O-O 5. Nf3 d6 6. O-O Nbd7 7. Nbd2 e5 8. e4
Ne8 9. Nb3 f5 10. exf5 gxf5 11. Bg5 Bf6 12. Qd2 e4 13. Bxf6 Qxf6 14. Qg5+ Ng7
15. Qxf6 Nxf6 16. Nfd2 c6 17. Rfe1 b6 18. Re2 d5 19. Rc1 Ne6 20. Bh3 Nd7 21.
cxd5 cxd5 22. f4 Bb7 23. Re3 Kh8 24. Bf1 Rg8 25. Bb5 Nf6 26. Bc6 Bxc6 27. Rxc6
Rae8 28. Rec3 h5 29. h3 h4 30. Nf1 hxg3 31. Rxg3 Rxg3+ 32. Nxg3 Nh7 33. Nxf5
Nxf4 34. Rh6 e3 35. Nxe3 Rxe3 36. Kf2 Rxh3 0-1

[Event "XXXII Coppa d'Oro"]
[Site "Villa Guardia ITA"]
[Date "2014.11.01"]
[Round "3"]
[White "Cairoli, Fabio"]
[Black "D'Aulisa, Francesco"]
[WhiteElo "1398"]
[BlackElo "1733"]
[Result "0-1"]
[PlyCount "68"]
[EventDate "2014.10.26"]

1. d4 e6 2. Nf3 d6 3. Bg5 Ne7 4. e4 h6 5. Bh4 a6 6. Be2 Nd7 7. O-O g5 8. Bg3
Ng6 9. Bd3 Rg8 10. c4 b6 11. Nc3 Bb7 12. d5 e5 13. b4 Nf4 14. Bc2 Bc8 15. a4 h5
16. h4 gxh4 17. Nxh4 Be7 18. Nf5 h4 19. Bxf4 exf4 20. Qf3 Ne5 21. Qh3 Bf6 22.
Bd1 Nxc4 23. Rc1 Ne5 24. Nb1 f3 25. Bxf3 Nd3 26. Rc2 Nf4 27. Qh2 Nd3 28. g3
hxg3 29. fxg3 Be5 30. Rg2 Bxf5 31. exf5 Qg5 32. Qh7 Bd4+ 33. Kh1 Rh8 34. Re2+
Kd7 0-1

[Event "XXXII Coppa d'Oro"]
[Site "Villa Guardia ITA"]
[Date "2014.11.01"]
[Round "3"]
[White "Centofante, Maria Rosa"]
[Black "Colombo, Luca"]
[WhiteElo "1543"]
[BlackElo "1807"]
[Result "0-1"]
[PlyCount "108"]
[EventDate "2014.10.26"]

1. d4 Nf6 2. Nf3 g6 3. c4 Bg7 4. Nc3 O-O 5. e4 d6 6. Be2 e5 7. d5 a5 8. O-O Na6
9. a3 Nc5 10. Qc2 Bd7 11. h3 Nh5 12. Be3 b6 13. Rab1 f5 14. Bg5 Qe8 15. Be3 Nf6
16. Nd2 Ncxe4 17. Ndxe4 Nxe4 18. Nxe4 fxe4 19. Qc1 Qc8 20. Kh2 Rf7 21. Bh6 Qf8
22. Be3 h5 23. f3 exf3 24. Rxf3 Rxf3 25. Bxf3 Bf5 26. Ra1 e4 27. Be2 Qf6 28.
Rb1 Qe7 29. Qd2 Be5+ 30. Kg1 Rf8 31. Rf1 Bd7 32. b3 Rxf1+ 33. Bxf1 Qf6 34. Qf2
Qxf2+ 35. Kxf2 a4 36. b4 Bb2 37. b5 Bxa3 38. Be2 Bb2 39. Bd1 a3 40. Bb3 Kf7 41.
Ke2 Kf6 42. Kd1 g5 43. Kc2 g4 44. h4 Kf5 45. g3 Be5 46. Bf2 e3 47. Bxe3 Bxg3
48. Bg5 Bf4 49. Bd8 Be3 50. Kd3 Bc5 51. Ke2 Kf4 52. Bg5+ Ke4 53. Ba2 g3 54. Kf1
Bh3+ 0-1

[Event "XXXII Coppa d'Oro"]
[Site "Villa Guardia ITA"]
[Date "2014.11.01"]
[Round "3"]
[White "Corti, Filippo"]
[Black "Revinelli, Sergio"]
[WhiteElo "1609"]
[BlackElo "1839"]
[Result "0-1"]
[PlyCount "78"]
[EventDate "2014.10.26"]

1. Nf3 Nf6 2. g3 g6 3. Bg2 Bg7 4. O-O O-O 5. d3 d5 6. Nbd2 Re8 7. c3 b6 8. Qc2
Bb7 9. e4 dxe4 10. dxe4 e5 11. Re1 Nbd7 12. b4 c5 13. a3 Rc8 14. Qb3 Qc7 15.
Bb2 c4 16. Qc2 b5 17. a4 a6 18. axb5 axb5 19. Ra5 Qb6 20. Rea1 Ra8 21. Bc1 Rxa5
22. Rxa5 Nc5 23. Ne1 Na6 24. Nf1 Bf8 25. Be3 Bc5 26. Bxc5 Nxc5 27. Nd2 Ne6 28.
Nf1 Rd8 29. Ra1 Ng5 30. Nd2 Qd6 31. Nef3 Nxf3+ 32. Nxf3 Bxe4 33. Qe2 Bxf3 34.
Qxf3 e4 35. Qe3 Qd3 36. Qg5 Qxc3 37. Ra6 Rd1+ 38. Bf1 Qd3 39. Ra8+ Kg7 0-1

[Event "XXXII Coppa d'Oro"]
[Site "Villa Guardia ITA"]
[Date "2014.11.01"]
[Round "3"]
[White "Lapiccirella, Daniele"]
[Black "Bellotto, Stefano"]
[WhiteElo "2221"]
[BlackElo "1999"]
[Result "1/2-1/2"]
[PlyCount "36"]
[EventDate "2014.10.26"]

1. d4 d5 2. c4 e6 3. Nc3 Be7 4. Nf3 Nf6 5. Bg5 Nbd7 6. e3 c6 7. Qc2 h6 8. Bh4
Nh5 9. Bxe7 Qxe7 10. cxd5 exd5 11. g4 Nhf6 12. h3 Nb6 13. Bd3 Be6 14. O-O-O
O-O-O 15. Ne2 Kb8 16. Nf4 Nfd7 17. Kb1 Rc8 18. Qc3 Rhf8 1/2-1/2

[Event "XXXII Coppa d'Oro"]
[Site "Villa Guardia ITA"]
[Date "2014.11.01"]
[Round "3"]
[White "Montoli, Marco"]
[Black "Cairoli, Camillo"]
[WhiteElo "1987"]
[BlackElo "1957"]
[Result "1/2-1/2"]
[PlyCount "70"]
[EventDate "2014.10.26"]

1. c4 Nf6 2. g3 e5 3. Bg2 Bc5 4. Nc3 a6 5. Nf3 d6 6. O-O Nc6 7. d3 O-O 8. e3
Rb8 9. a3 b5 10. b4 Ba7 11. cxb5 axb5 12. Qc2 Bd7 13. Bb2 Ne7 14. Rac1 Ng4 15.
Nd1 c5 16. h3 Nf6 17. bxc5 Bxc5 18. Nxe5 Qa5 19. Nxd7 Nxd7 20. Qc3 Qxc3 21.
Nxc3 b4 22. axb4 Bxb4 23. Na2 Bc5 24. Rc2 d5 25. Rfc1 Bd6 26. Nc3 Ne5 27. Nxd5
Nxd3 28. Nxe7+ Bxe7 29. Rb1 Bf6 30. Be4 Rfd8 31. Bxd3 Rxd3 32. Kg2 Bxb2 33.
Rcxb2 Rxb2 34. Rxb2 g6 35. h4 h5 1/2-1/2

[Event "XXXII Coppa d'Oro"]
[Site "Villa Guardia ITA"]
[Date "2014.11.01"]
[Round "3"]
[White "Raineri, Valerio"]
[Black "Gonella, Daniele"]
[WhiteElo "2079"]
[BlackElo "2150"]
[Result "1-0"]
[PlyCount "103"]
[EventDate "2014.10.26"]

1. e4 c5 2. Nf3 e6 3. d4 cxd4 4. Nxd4 Nc6 5. Nc3 Qc7 6. Be3 a6 7. Qd2 b5 8. f3
Bb4 9. Nb3 Nf6 10. O-O-O Bb7 11. Kb1 Rd8 12. Qf2 Rc8 13. Bb6 Qb8 14. Bc5 Bxc5
15. Qxc5 Ne5 16. Qd6 Qxd6 17. Rxd6 Rc6 18. Rd2 Rc7 19. Na5 Ba8 20. Be2 d5 21.
Rhd1 O-O 22. exd5 Nxd5 23. Nxd5 Bxd5 24. b3 h6 25. Kb2 Rfc8 26. Ra1 g5 27. a4
b4 28. Bxa6 Ra8 29. Nc4 Nxf3 30. gxf3 Rxa6 31. Ne5 f6 32. Nd3 Rb6 33. a5 Rb5
34. Ra4 Ra7 35. a6 Bxf3 36. Nxb4 Rb6 37. c4 h5 38. c5 Rb8 39. Rd6 Kf7 40. Rb6
Rc8 41. c6 g4 42. Rb7+ Rc7 43. Rxc7+ Rxc7 44. a7 Rxc6 45. a8=Q Rc2+ 46. Nxc2
Bxa8 47. Rxa8 f5 48. b4 f4 49. b5 g3 50. hxg3 fxg3 51. b6 g2 52. Ra1 1-0

[Event "XXXII Coppa d'Oro"]
[Site "Villa Guardia ITA"]
[Date "2014.11.01"]
[Round "3"]
[White "Seminara, Antonio"]
[Black "Primerano, Carlo"]
[WhiteElo "1956"]
[BlackElo "1723"]
[Result "1-0"]
[PlyCount "68"]
[EventDate "2014.10.26"]

1. d4 Nf6 2. Bg5 c6 3. c3 Ne4 4. Bf4 Qb6 5. Nd2 Nxd2 6. Qxd2 d6 7. Nf3 Bf5 8.
Nh4 Bg6 9. Nxg6 hxg6 10. e4 Nd7 11. a4 e5 12. a5 Qc7 13. Bg3 Be7 14. h3 Bh4 15.
Bh2 Bf6 16. Bc4 a6 17. O-O O-O 18. b4 Rfe8 19. Rae1 Rad8 20. f4 Nf8 21. Bb3 Ne6
22. f5 gxf5 23. Rxf5 exd4 24. Rxf6 gxf6 25. cxd4 Ng7 26. Qh6 f5 27. Re3 Qe7 28.
Rg3 Qf8 29. exf5 Re1+ 30. Kf2 Rde8 31. Bc4 d5 32. f6 R8e2+ 33. Bxe2 Rxe2+ 34.
Kxe2 Qe8+ 1-0

[Event "XXXII Coppa d'Oro"]
[Site "Villa Guardia ITA"]
[Date "2014.11.01"]
[Round "3"]
[White "Tahiraj, Almir"]
[Black "Mason, Giovanni"]
[WhiteElo "1844"]
[BlackElo "1556"]
[Result "1-0"]
[PlyCount "73"]
[EventDate "2014.10.26"]

1. f4 b6 2. Nf3 Bb7 3. e3 Nf6 4. d4 e6 5. Bd3 d5 6. O-O Nbd7 7. Qe2 a6 8. Nbd2
c5 9. c3 c4 10. Bc2 Be7 11. Ne5 g6 12. e4 b5 13. Qf3 O-O 14. Nxd7 Nxd7 15. e5
f5 16. exf6 Bxf6 17. Qh3 Qb6 18. Nf3 Rf7 19. Bd2 Raf8 20. Rae1 Re7 21. Re2 Bc8
22. Ne5 Bxe5 23. fxe5 Rxf1+ 24. Kxf1 Rf7+ 25. Ke1 Nb8 26. Qg4 Nc6 27. h4 b4 28.
h5 Ne7 29. hxg6 Rg7 30. gxh7+ Kh8 31. Qh5 Qd8 32. Bg5 Bd7 33. Bf6 Qf8 34. Rf2
Nf5 35. g4 Ne3 36. Bb1 Be8 37. Bxg7+ 1-0

[Event "XXXII Coppa d'Oro"]
[Site "Villa Guardia ITA"]
[Date "2014.11.01"]
[Round "3"]
[White "Tavasci, Alfio"]
[Black "Paniga, Danilo"]
[WhiteElo "1619"]
[BlackElo "1863"]
[Result "0-1"]
[PlyCount "62"]
[EventDate "2014.10.26"]

1. d4 Nf6 2. c4 e6 3. Nc3 Bb4 4. Bg5 c5 5. e3 Qa5 6. Bxf6 Bxc3+ 7. bxc3 Qxc3+
8. Ke2 gxf6 9. Rc1 Qa3 10. Qd2 Nc6 11. Rc3 Qa5 12. dxc5 Qxc5 13. Nf3 b5 14.
cxb5 Qxb5+ 15. Ke1 Qb1+ 16. Rc1 Qb4 17. Rc3 Rb8 18. Bd3 Ke7 19. Ke2 Bb7 20. Rb1
Qg4 21. Rc4 Qg7 22. h3 f5 23. Rc5 Ba8 24. Rcb5 Rbc8 25. Nh4 d5 26. Bxf5 Qf6 27.
Rxd5 Qxh4 28. Rd7+ Ke8 29. Be4 Qxe4 30. Rd1 Qc4+ 31. Ke1 Qb4 0-1

[Event "XXXII Coppa d'Oro"]
[Site "Villa Guardia ITA"]
[Date "2014.11.01"]
[Round "4"]
[White "Bellotto, Stefano"]
[Black "Montoli, Marco"]
[WhiteElo "1999"]
[BlackElo "1987"]
[Result "1/2-1/2"]
[PlyCount "21"]
[EventDate "2014.10.26"]

1. c4 Nf6 2. Nc3 d5 3. d4 g6 4. Nf3 Bg7 5. cxd5 Nxd5 6. Qb3 Nb6 7. Bg5 O-O 8.
e3 Be6 9. Qa3 Re8 10. Rd1 Qd6 11. Qxd6 1/2-1/2